Vista normal
Vista MARC
Entrada Materia (personas)
Número de registros utilizados en: 1
001 - CONTROL NUMBER
- control field: 72721
003 - CONTROL NUMBER IDENTIFIER
- control field: Co-BoUCM
005 - DATE AND TIME OF LATEST TRANSACTION
- control field: 20151022142659.0
008 - FIXED-LENGTH DATA ELEMENTS
- fixed length control field: 151022|| aca||aabn | a|a d
040 ## - CATALOGING SOURCE
- Original cataloging agency: Co-BoUCM
- Transcribing agency: Co-BoUCM
100 ## - HEADING--PERSONAL NAME
- Personal name: Schlaudt, Oliver
670 ## - SOURCE DATA FOUND
- Source citation: Work cat.: (Co-BoUCM)300966: Schlaudt, Oliver, Was ist empirische Wahrheit?, 2014